000 00325nam a2200121Ia 4500
008 220204s9999 xx 000 0 und d
082 _a681.31C
_bMUL
100 _aCooper, Herbert L
245 0 _aSpirit of C: An introduction to modern programming
260 _aBombay
_bJaico
_c1988
700 _aMullish, Henry
942 _cBK
999 _c40624
_d40624